Machine design (Record no. 22999)

MARC details
000 -LEADER
fixed length control field 00287nam a2200121Ia 4500
082 ## - DEWEY DECIMAL CLASSIFICATION NUMBER
Classification number 621
Item number WIN
100 ## - MAIN ENTRY--AUTHOR NAME
Personal name Stanton E
245 #0 - TITLE STATEMENT
Title Machine design
260 ## - PUBLICATION, DISTRIBUTION, ETC. (IMPRINT)
Place of publication Bombay
Name of publisher D B Taraporevala
Year of publication 1939
650 ## - SUBJECT ADDED ENTRY--TOPICAL TERM
Topical Term Machine design
942 ## - ADDED ENTRY ELEMENTS (KOHA)
Koha item type Books
Holdings
Withdrawn status Lost status Damaged status Not for loan Home library Current library Date acquired Cost, normal purchase price Full call number Accession Number Koha item type
        RRII Library RRII Library 16/12/2021 4.75 621 WIN 03708 Books